000 00644nam a2200193Ii 4500
003 JO-AjNU
008 230605s9999||||xx |||||||||||||| ||und||
040 _aJO-AjNU
_bara
_erda
_cJO-AjNU
041 _aara
050 1 4 _aPJ7541.N3722 1900
100 3 _aناصيف،إميل,
_eauthor
_924159
245 0 0 _aمن أروع ما قال الشعراء العرب والحكماء
264 3 1 _aبيروت: دار الجيل، 1900
300 _a240ص
336 _atext
_btxt
_2rdacontent
337 _aunmediated
_bn
_2rdamedia
338 _avolume
_bnc
_2rdacarrier
650 4 _aالشعر العربي - الأدب العربي - حكم
_924160
999 _aA8852
_c12420
_d12420